000 01788nam a2200301Ia 4500
999 _c55607
_d55607
001 22702
003 GE_BSU
005 20230424111144.0
008 181216s ||||ge |||||||||||||| ||geo||
020 _a9789941091681:9789941091698
040 _cGE_BSU
041 _ageo
080 _a61(075.8) ს-26
100 _aსანიკიძე, თამარ
_917745
245 _aსამედიცინო ფიზიკა და ბიოფიზიკა :
_b ტ.1 [სახელმძღვანელო] /
_cთამარ სანიკიძე ; მეორე გამოც. რედ. თემურ ნანეიშვილი.
264 _aთბილისი :
_b[საქ. მეცნ. ეროვნული აკადემიის სტამბა],
_c2016.
300 _a255 გვ. :
_bილ. ;
_c29 სმ.
500 _aსახელმძღვანელო გათვალისწინებულია მედიკოსი და ბიოლოგი სტუდენტებისა და საბუნებიმეტყველო მეცნიერებით დაინტერესებული სპეციალისტებისათვის
501 _aსაგნობრივი საძ.გვ. : 250-253
504 _aბიბლიოგრ. : გვ. 255
541 _h10ლ.
653 _aმედიცინა
653 _aსამედიცინო ფიზიკა და ბიოფიზიკა : ტ.1
653 _aსამედიცინო ფიზიკა
653 _aბიოფიზიკა
700 _aნანეიშვილი, თემურ
_eრედაქტორი
_912702
942 _cBK
_2udc